| Registos Bibliográficos associados ao registo de autoridade |
|
Etiqueta de registo: 00254nam 2200025 450 001 2288552 003 http://id.bnportugal.gov.pt/bib/catbnp/2288552 100 ## $a20260623d2025 k y0pory01030103ba 101 0# $apor$deng 102 ## $aPT 105 ## $aa m 000yy 106 ## $ar 200 1# $a O corpo humano, entre os limites da forma, da matéria e da técnica$eesculpir a pedra em talhe direto$fSusana Alexandre Barrelas Cavaleiro Miranda$gorient. João Carlos de Castro Silva, Eduardo Manuel Alves Duarte 210 #9 $aLisboa$c[s.n.],$d2025 215 ## $a435 p.$cil.$d30 cm 328 #1 $aTese dout. Belas-Artes (Escultura), Faculdade de Belas-Artes, Universidade de Lisboa,
2025 700 #1 $aMiranda,$bSusana Alexandre Barrelas Cavaleiro$32001327 702 #1 $aSilva,$bJoão Carlos de Castro,$f1966-$4727$31474605 702 #1 $aDuarte,$bEduardo,$f1966-$4727$3200096 801 #0 $aPT$bBN$gRPC 966 ## $lBN$mFGMON$x1 971 ## $cssilva$d20260623
|
|
|